The constitutional and political history of the United States / (Record no. 155525)

MARC details
000 -LEADER
campo de control de longitud fija 01504nam a2200277 i 4500
001 - NÚMERO DE CONTROL
campo de control 155525
003 - IDENTIFICADOR DE NÚMERO DE CONTROL
campo de control ES-MaACL
005 - FECHA Y HORA DE LA ÚLTIMA TRANSACCIÓN
campo de control 20250830224112.0
008 - DATOS DE LONGITUD FIJA--INFORMACIÓN GENERAL
campo de control de longitud fija 040721m18891892xxuac |||| | eng d
080 ## - NÚMERO DE LA CLASIFICACIÓN DECIMAL UNIVERSAL
Número de la Clasificación Decimal Universal 32(73)
100 1# - ENTRADA PRINCIPAL--NOMBRE DE PERSONA
Nombre de persona Von Holst, H.
9 (RLIN) 161803
245 14 - MENCIÓN DEL TÍTULO
Título The constitutional and political history of the United States /
Mención de responsabilidad, etc. by H. von Holst ; translated from the German by John J. Lalor and Alfred B. Mason.
260 ## - PUBLICACIÓN, DISTRIBUCIÓN, ETC.
Lugar de publicación, distribución, etc. Chicago :
Nombre del editor, distribuidor, etc. Callaghan and Company,
Fecha de publicación, distribución, etc. 1889-1892.
300 ## - DESCRIPCIÓN FÍSICA
Extensión 8 v. :
Otras características físicas 1 h. de lám. ;
Dimensiones 22 cm.
504 ## - NOTA DE BIBLIOGRAFÍA, ETC.
Nota de bibliografía, etc. Referencias bibliográficas.
505 8# - NOTA DE CONTENIDO CON FORMATO
Nota de contenido con formato Contiene : I. State sovereignty and slavery, 1750-1833 - II. Jackson's administration. Annexation of Texas, 1828-1846 - III. Annexation of Texas. Compromise of 1850, 1846-1850 - IV. Compromise of 1850. Kansas, Nebraska Bill, 1850-1854 - V. Kansas, Nebraska Bill-Buchanan's election, 1854-1856 - VI. Buchanan's election. End of 35th Congress, 1856-1859 - VII. Harper's Ferry. Lincoln's inauguration, 1859-1861 - VIII. Index and list of authorites
599 ## - NOTA A LAS ILUSTRACIONES
NOTA A LAS ILUSTRACIONES Lám.: retr. de George Washington.
651 #7 - PUNTO DE ACCESO ADICIONAL DE MATERIA--NOMBRE GEOGRÁFICO
Nombre geográfico Estados Unidos-
Subdivisión general Historia constitucional
Fuente del encabezamiento o término
9 (RLIN) 137137
651 #4 - PUNTO DE ACCESO ADICIONAL DE MATERIA--NOMBRE GEOGRÁFICO
Nombre geográfico Estados Unidos-
Subdivisión general Política y gobierno-
Subdivisión cronológica S.XIX.
9 (RLIN) 172072
651 #4 - PUNTO DE ACCESO ADICIONAL DE MATERIA--NOMBRE GEOGRÁFICO
Nombre geográfico Estados Unidos-
Subdivisión general Historia-
Subdivisión cronológica 1783-1815.
9 (RLIN) 160303
651 #4 - PUNTO DE ACCESO ADICIONAL DE MATERIA--NOMBRE GEOGRÁFICO
Nombre geográfico Estados Unidos-
Subdivisión general Historia-
Subdivisión cronológica 1815-1861.
9 (RLIN) 146326
700 1# - ENTRADA AGREGADA--NOMBRE PERSONAL
Nombre de persona Lalor, John J.
9 (RLIN) 128612
700 1# - ENTRADA AGREGADA--NOMBRE PERSONAL
Nombre de persona Mason, Alfred B.
9 (RLIN) 129697
852 ## - LOCALIZACIÓN
Ubicación ES-MaACL
Número de control de estantería C-1485-92
Nota libre - Enc. tela
Holdings
Estatus retirado Estado de pérdida Estado de daño No para préstamo Colección Biblioteca de origen Biblioteca actual Ubicación en estantería Fecha de adquisición Total de préstamos Signatura topográfica completa Código de barras Visto por última vez Precio de reemplazo Tipo de ítem Koha
        Libros del s. XIX Biblioteca del Ateneo de Madrid Biblioteca del Ateneo de Madrid Ficheros 17/01/2008   C-1485-92 1162683 23/02/2023 23/02/2023 Libro impreso antiguo